000 00495nam a2200169 i 4500
001 31101
003 ES-MaACL
005 20230906154317.0
007 t|
008 030128s1928 sp ||||1| spa d
100 1 _aBellver Mustieles, José.
_927293
245 1 3 _aLa naranja española en el mundo /
_cpor José Bellver.
260 _aMadrid :
_b[s.n.],
_c1928 (
_fJ. Cosano)
300 _a92 p. ;
_c20 cm.
650 4 _aNaranjas-
_zEspaña-
_xExportación.
_9154247
852 _aES-MaACL
_j1714-F-2
999 _c31101
_d31101